Interaction : re’vision de grammaire francaise / (Record no. 841)

MARC details
000 -LEADER
fixed length control field 00728nam a2200229 4500
003 - CONTROL NUMBER IDENTIFIER
control field OSt
005 - DATE AND TIME OF LATEST TRANSACTION
control field 20240618083058.0
008 - FIXED-LENGTH DATA ELEMENTS--GENERAL INFORMATION
fixed length control field 240618b |||||||| |||| 00| 0 eng d
020 ## - INTERNATIONAL STANDARD BOOK NUMBER
International Standard Book Number 0838405932
040 ## - CATALOGING SOURCE
Original cataloging agency DWCL-Main lib.
Transcribing agency OC
082 ## - DEWEY DECIMAL CLASSIFICATION NUMBER
Edition number Sixth edition
Classification number Circ. 448.242 Sl48i 2003
006 - FIXED-LENGTH DATA ELEMENTS--ADDITIONAL MATERIAL CHARACTERISTICS
fixed length control field a
100 ## - MAIN ENTRY--PERSONAL NAME
Personal name St. Onge, Susan S.
245 ## - TITLE STATEMENT
Title Interaction : re’vision de grammaire francaise /
250 ## - EDITION STATEMENT
Edition statement Sixth edition
260 ## - PUBLICATION, DISTRIBUTION, ETC.
Place of publication, distribution, etc. Boston :
Name of publisher, distributor, etc. Thomson Corp. ,
Date of publication, distribution, etc. c2003.
300 ## - PHYSICAL DESCRIPTION
Extent viii,
Other physical details 404 p. col. : ill. ;
Dimensions 25 cm.
504 ## - BIBLIOGRAPHY, ETC. NOTE
Bibliography, etc. note Includes index.
650 ## - SUBJECT ADDED ENTRY--TOPICAL TERM
Topical term or geographic name entry element 1. French language-Textbooks for foreign speakers–English.
650 ## - SUBJECT ADDED ENTRY--TOPICAL TERM
Topical term or geographic name entry element 2. French language-Grammar.
942 ## - ADDED ENTRY ELEMENTS (KOHA)
Source of classification or shelving scheme Dewey Decimal Classification
Suppress in OPAC No
Koha item type Book Circulation
Edition Sixth edition
Call number prefix Circ.
Holdings
Withdrawn status Lost status Source of classification or shelving scheme Damaged status Not for loan Home library Current library Date acquired Source of acquisition Total Checkouts Full call number Barcode Date last seen Copy number Price effective from Koha item type Uniform Resource Identifier
    Dewey Decimal Classification     College Library College Library 01/01/2013 School Fund   Circ. 448.242 Sl48i 2003 CL49739 06/18/2024 c1 06/18/2024 Book Circulation